000 01047nam a2200301 i 4500
001 11404
003 KOSZ 005
005 20200630132824.0
008 080624s1964 pl a f f 001 0 pol
015 _aPB 1964/8833
040 _aWA N
_cWA N
_dKOSZ 005/RW
080 _a520
080 _a539
100 1 _aBuch, Alfred.
_eAutor
245 1 0 _aZagadnienia wytrzymałości zmęczeniowej /
_cAlfred Buch.
260 _aWarszawa :
_bPaństwowe Wydawnictwo Naukowe,
_c1964.
300 _a436 stron, [10] kart tablic :
_bilustracje ;
_c25 cm.
336 _aTekst
_2txt
_brdacontent
337 _aBez urządzenia pośredniczącego
_bn
_2rdamedia
338 _aWolumin
_bnc
_2rdacarrier
380 _aKsiążki.
504 _aBibliografia na stronach 430-[432]. Indeks.
658 _aInżynieria i technika
650 4 _aWytrzymałość materiałów
710 2 _aPaństwowe Wydawnictwo Naukowe
_4pbl.
856 _uhttp://koha.tu.koszalin.pl/cgi-bin/koha/opac-detail.pl?biblionumber=11404
_yKatalog online BPK
942 _2UKD
_cKS
999 _c11404
_d11404